Influence : the psychology of persuasion (Record no. 12613)

000 -LEADER
fixed length control field 00358nam a22001337a 4500
008 - FIXED-LENGTH DATA ELEMENTS--GENERAL INFORMATION
fixed length control field 241223b 2021 ||||| |||| 00| 0 eng d
020 ## - INTERNATIONAL STANDARD BOOK NUMBER
International Standard Book Number 9780063138803
082 ## - DEWEY DECIMAL CLASSIFICATION NUMBER
Classification number 153.8
Item number CIA
100 ## - MAIN ENTRY--PERSONAL NAME
Personal name Cialdini, Robert
245 ## - TITLE STATEMENT
Title Influence : the psychology of persuasion
260 ## - PUBLICATION, DISTRIBUTION, ETC. (IMPRINT)
Place of publication, distribution, etc New York
Name of publisher, distributor, etc Harper Collins Publishers
Date of publication, distribution, etc 2021
300 ## - PHYSICAL DESCRIPTION
Extent 568p.
942 ## - ADDED ENTRY ELEMENTS (KOHA)
Item type Books
Holdings
Withdrawn status Lost status Source of classification or shelving scheme Damaged status Not for loan Collection code Permanent location Current location Shelving location Date acquired Full call number Barcode Date last seen Koha item type Public note
          Non-fiction IMU-MPC Library IMU-MPC Library General Stacks 2024-12-23 153.8 CIA MPC6921 2025-03-17 Books Column - 24
          Non-fiction IMU-MPC Library IMU-MPC Library General Stacks 2024-12-23 153.8 CIA MPC6922 2025-03-17 Books Column - 24
Copyright © 2021 Indian Maritime University, Mumbai Port Campus. All Rights Reserved. Managed & Maintained by Central Library, IMU-Mumbai

webs counters

Powered by Koha